000 00571nmm a2200181Ia 4500
008 251105s9999||||xx |||||||||||||||||und||
020 _a9788491330141
041 _aspa
100 _aGiménez Folqués, David
245 0 _aEl léxico del discurso turístico 2.0
264 _a[Madrid, España] :
_bPublicaciones de la Universidad de Valencia (PUV),
_c2016
300 _a232 páginas
650 _aLexicology
700 _aGiménez Folqués, David
700 1 _a López Santiago, Mercedes
856 _uhttps://public.digitaliapublishing.com/a/49543
942 _cCF
999 _c66128
_d66128